000 nam a22 a 4500
999 _c165
_d165
003 AKMAL
005 20170421162935.0
008 170421s2009 my | e | 000 0 may d
020 _a9677012177
020 _a9789677012172
040 _aAKMAL
082 0 4 _a351.595 MAL
_222
090 0 0 _a351.595
_bMAL
110 1 _aMalaysia
_9400
245 1 0 _aPekeliling Kemajuan Pentadbiran Awam dan profil Perkhidmatan Awam Malaysia /
_cdisusun semula oleh Penasihat Undang-Undang MDC
250 _aEd. 2009
260 _aKuala Lumpur :
_bMDC Publishers,
_c2009
300 _a683ms. :
_bil. ;
_c26cm.
500 _aDikepala judul kulit depan : "Buku panduan untuk peperiksaan am kerajaan"
500 _aCetakan Ketujuhbelas 2009
650 1 0 _aOffice practice in government
_zMalaysia
_vHandbooks, manuals, etc.
_9403
650 2 0 _aCivil service ethics
_zMalaysia
_vHandbooks, manuals, etc.
_9404
710 2 _aPenasihat Undang-Undang MDC
_9405
942 _2ddc
_cBOOK